| 000 | 00495nam a2200169 a 4500 | ||
|---|---|---|---|
| 005 | 20140412111311.0 | ||
| 008 | 010427s19uu xx 00 eng d | ||
| 020 | _a0-06-025655-9 | ||
| 050 |
_aTR(PS E _bGi44 1964 |
||
| 100 | _aSilverstein, Shel | ||
| 245 |
_aA giraffe and a half / _cby Shel Silverstein. |
||
| 260 |
_aU. S. A : _bHarperCollins Publishers, _c1964. |
||
| 300 | _a1v. (unp.) ; ill. | ||
| 650 |
_aFraction _xJuveile literature |
||
| 650 | _aChildren's stories | ||
| 999 |
_c103980 _d103980 |
||